000 00259nam a2200133Ia 4500
100 _aNiit
490 _vI
942 _cRB
366 _f10
654 _a'C' Programming
245 _a''''C'''' Programming
260 _bTime-life books
546 _aENGLISH
999 _c25543
_d25543